Części różnych flag - Statystyki

Ogólne statystyki
  • Ten quiz został rozwiązany 182 razy
  • Średni wynik to 8 z 12
Statystyki odpowiedzi
Obrazkowy Odpowiedź % Poprawnych
Brazylia
99%
Argentyna
95%
Bośnia i Hercegowina
93%
Portugalia
90%
Maroko
89%
Turcja
86%
Malta
69%
Grecja
63%
Boliwia
53%
Saint Lucia
51%
Kongo
27%
Peru
14%
Nie znaleziono quizów pasujących do podanych kryteriów
Rozkład punktacji
Procent ludzi z każdym wynikiem
Percentyl według liczby udzielonych odpowiedzi
Twoja historia wyników
Nie rozwiązałeś tego quizu